Wielkie Wyzwanie z niemieckiego słownictwa - Statystyki

Ogólne statystyki
  • Ten quiz został rozwiązany 3 922 razy
  • Średni wynik to 10 z 20
Statystyki odpowiedzi
Słowo # Odpowiedź % Poprawnych
Dziękuję 5 Da{nke}
96%
Dziecko 4 K{ind}
96%
Ojciec 5 V{ater}
96%
Samochód 4 A{uto}
94%
Dobry 3 G{ut}
94%
Mleko 5 Mi{lch}
94%
Kino 4 K{ino}
93%
Pić 7 Tr{inken}
93%
Niemcy 11 Deu{tschland}
92%
Pies 4 H{und}
92%
Kupować 6 Ka{ufen}
92%
Grać 7 Sp{ielen}
92%
Wieczór 5 Ab{end}
91%
Dom 4 H{aus}
91%
Noc 5 Na{cht}
91%
Nie (odpowiedź na pytanie) 4 N{ein}
91%
Pokój (w budynku) 6 Zi{mmer}
91%
Dwa 4 Z{wei}
91%
Stary 3 A{lt}
90%
Przychodzić 6 Ko{mmen}
90%
Monachium 7 Mü{nchen}
90%
Proszę 5 Bi{tte}
89%
Jeść 5 E{ssen}
89%
Kobieta 4 Fr{au}
89%
Iść 5 Ge{hen}
89%
Siostra 9 Sch{wester}
89%
Lato 6 So{mmer}
89%
Witaj! 10 Will{kommen}!
89%
Kiełbasa 5 W{urst}
89%
Blue (n.) 4 B{lau}
88%
Młody 4 J{ung}
88%
Kuchnia 5 Kü{che}
88%
Robić 6 Ma{chen}
88%
Szkoła 6 Sch{ule}
88%
Czarny 7 Sch{warz}
88%
Uwaga! 7 Ac{htung}!
87%
Mieć 5 Ha{ben}
87%
Czerwony 3 R{ot}
87%
Jabłko 5 Ap{fel}
86%
Czwartek 10 Do{nnerstag}
86%
Jedenaście 3 E{lf}
86%
Miłość 5 Li{ebe}
86%
Dzień 3 T{ag}
86%
Dzisiaj 5 H{eute}
85%
Mały 5 Kl{ein}
84%
Czterdzieści 7 Vie{rzig}
84%
Piętnaście 8 Fü{nfzehn}
83%
Zielony 4 G{rün}
83%
Szpital 11 Kr{ankenhaus}
83%
Państwo 4 L{and}
83%
Sobota 7 Sa{mstag}
83%
Woda 6 Wa{sser}
83%
Pracować 8 Ar{beiten}
82%
Miasto 5 St{adt}
82%
Zegar 3 U{hr}
82%
Dlaczego 5 Wa{rum}
82%
Książka 4 B{uch}
81%
Żółty 4 G{elb}
81%
Słyszeć 5 Hö{ren}
81%
Gotować 6 Ko{chen}
81%
Spać 8 Sch{lafen}
81%
Być 4 S{ein}
81%
Tutaj 4 H{ier}
80%
Rok 4 J{ahr}
80%
Ziemniak 9 Kar{toffel}
80%
Kościół 6 Ki{rche}
80%
Nauczyciel 6 Le{hrer}
80%
Uczyć się 6 Le{rnen}
80%
Wujek 5 On{kel}
80%
Pisać 9 Sch{reiben}
80%
Dziesięć 4 Z{ehn}
80%
Cukier 6 Zu{cker}
80%
Środa 8 Mi{ttwoch}
79%
Moda 4 M{ode}
79%
Oczy 5 Au{gen}
78%
Pomagać 6 He{lfen}
78%
Kot 5 Ka{tze}
78%
Tysiąc 7 Ta{usend}
78%
Pociąg (jeżdżący po torach) 3 Z{ug}
78%
Ser 4 Kä{se}
77%
Ładny 5 Sch{ön}
77%
Lekarz 4 A{rzt}
76%
Zimny 4 K{alt}
76%
Głowa 4 K{opf}
76%
Austria 10 Ös{terreich}
76%
Tańczyć 6 Ta{nzen}
76%
Dwanaście 5 Zw{ölf}
76%
Chleb 4 B{rot}
75%
Owoc 4 O{bst}
75%
Szybki 7 Sch{nell}
75%
Dwadzieścia 7 Zw{anzig}
75%
Rodzice 6 El{tern}
74%
Lipiec 4 J{uli}
74%
Widzieć 5 Se{hen}
74%
Słońce 5 So{nne}
74%
Córka 7 To{chter}
74%
Cytryna 7 Zi{trone}
74%
Ślepy 5 Bl{ind}
73%
Pieniądze 4 G{eld}
73%
Malować 5 Ma{len}
73%
Kwiat 5 Bl{ume}
72%
Wtorek 8 Di{enstag}
72%
Mięso 7 Fl{eisch}
72%
Warzywa 6 Ge{müse}
72%
Bez 4 O{hne}
72%
Biegać 6 La{ufen}
71%
Łóżko 4 B{ett}
70%
Lew 4 Lö{we}
70%
Poprawny 7 Ri{chtig}
70%
Bardzo 4 S{ehr}
70%
Sprzedawać 9 Ver{kaufen}
70%
Jezioro 3 S{ee}
69%
Stół 5 Ti{sch}
69%
Mieszkać 6 Wo{hnen}
69%
Serce 4 H{erz}
68%
Jutro 6 Mo{rgen}
68%
Torba 6 Ta{sche}
68%
Tydzień 5 W{oche}
68%
Piwo 4 B{ier}
67%
Potrafić 6 Kö{nnen}
67%
Świnia 7 Sch{wein}
67%
Nasz 5 Un{ser}
67%
Razem 8 Zu{sammen}
67%
Rower 7 Fa{hrrad}
66%
Kolor 5 Fa{rbe}
66%
Pytanie 5 Fr{age}
66%
Kawa 6 Ka{ffee}
66%
Numer 6 Nu{mmer}
66%
Powiedzieć 5 Sa{gen}
66%
Cześć! (na pożegnanie) 7 Ts{chüss}!
66%
Wulkan 6 V{ulkan}
66%
Pogoda 6 We{tter}
66%
Wiedzieć 6 Wi{ssen}
66%
Apteka 8 Ap{otheke}
65%
Butelka 7 Fl{asche}
65%
Czytać 5 Le{sen}
65%
Chcieć 6 Wo{llen}
65%
Okulary 6 Br{ille}
64%
Wakacje 6 Fe{rien}
64%
Dziewczyna 7 Mä{dchen}
64%
Nos 4 N{ase}
64%
Papier 6 Pa{pier}
64%
Koń 5 Pf{erd}
64%
Bogaty 5 Re{ich}
64%
Podróżować 6 Re{isen}
64%
Rosja 8 Ru{ssland}
64%
Godzina 6 St{unde}
64%
Życie 5 Le{ben}
63%
But 5 Sch{uh}
63%
Ale 4 A{ber}
62%
Zmęczony 4 Mü{de}
62%
Pod 5 Un{ter}
62%
Szczęśliwy 9 Glü{cklich}
61%
Fortepian 7 Kl{avier}
61%
Wojna 5 Kr{ieg}
61%
Sztuka 5 Ku{nst}
61%
Morze 4 M{eer}
61%
Brać 6 Ne{hmen}
61%
Cudowne dziecko 10 Wun{derkind}
61%
Dworzec 7 Ba{hnhof}
60%
Teraz 5 J{etzt}
60%
Marchewka 7 Ka{rotte}
60%
Król 5 Kö{nig}
60%
Palić (papierosy) 7 Ra{uchen}
60%
Odwiedzać 8 Bes{uchen}
59%
Ciemny 6 Du{nkel}
59%
Zdrowy 6 Ge{sund}
59%
Telefon komórkowy 5 Ha{ndy}
59%
Powietrze 4 L{uft}
59%
Prawo (strona) 6 Re{chts}
59%
Ząb 4 Z{ahn}
59%
Lepszy 6 Be{sser}
58%
Dać 5 Ge{ben}
58%
Włosy 4 H{aar}
58%
Za 6 Hi{nter}
58%
Szalik 5 Sch{al}
58%
Śnieg 6 Sch{nee}
58%
List 5 Br{ief}
57%
Prezent 8 Ges{chenk}
57%
Myśliwy 5 Jä{ger}
57%
Ludzie 5 Le{ute}
57%
Kwadrat 7 Qua{drat}
57%
Sok 4 S{aft}
57%
Szachy 6 Sch{ach}
57%
Świat 4 W{elt}
57%
Drzewo 4 B{aum}
56%
Góra 4 B{erg}
56%
Short (adj.) 4 K{urz}
56%
Lewy 5 L{inks}
56%
Tylko 3 N{ur}
56%
Gazeta 7 Zei{tung}
56%
Zawód 5 Be{ruf}
55%
Biblioteka 10 Bi{bliothek}
55%
Ktoś 6 Je{mand}
55%
Suknia 5 Kl{eid}
55%
Ból 7 Sch{merz}
55%
Później 6 Sp{äter}
55%
Przykład 8 Bei{spiel}
54%
Świeży 6 Fr{isch}
54%
Śniadanie 9 Frü{hstück}
54%
Dokładnie 5 Ge{nau}
54%
Zawsze 5 I{mmer}
54%
Nudny 10 La{ngweilig}
54%
Głośny 4 L{aut}
54%
Zakazany 8 Ver{boten}
54%
Czekać 6 Wa{rten}
54%
Naprawdę 8 Wir{klich}
54%
Liczyć 6 Zä{hlen}
54%
Obrazek 4 B{ild}
53%
Trzeci 6 Dr{itte}
53%
Przyjazny 10 Fre{undlich}
53%
Historia 10 Ges{chichte}
53%
Liliowy 4 L{ila}
53%
Mąż 4 M{ann}
53%
Południe (na zegarze) 6 Mi{ttag}
53%
Przez 5 Du{rch}
52%
Prysznic 6 Du{sche}
52%
Francja 10 Fr{ankreich}
52%
Połowa 4 H{alb}
52%
Sól 4 S{alz}
52%
Język (np. polski) 7 Sp{rache}
52%
Dywan 7 Te{ppich}
52%
Martwy 3 T{ot}
52%
Zaczynać 8 Anf{angen}
51%
Budować 5 Ba{uen}
51%
Pozostawać 7 Bl{eiben}
51%
Potrzebować 8 Br{auchen}
51%
Latać 7 Fl{iegen}
51%
Jesień 6 He{rbst}
51%
Miód 5 H{onig}
51%
Zniszczony 6 Ka{putt}
51%
Człowiek 6 Me{nsch}
51%
Pieprz 7 Pf{effer}
51%
Próbować 9 Pr{obieren}
51%
Krzesło 5 St{uhl}
51%
Drzwi 3 T{ür}
51%
Zapominać 9 Ver{gessen}
51%
Las 4 W{ald}
51%
Ważny 7 Wi{chtig}
51%
Odpowiedź 7 An{twort}
50%
Myśleć 6 De{nken}
50%
Jeden raz 6 Ei{nmal}
50%
Samolot 8 Fl{ugzeug}
50%
Urodziny 10 Ge{burtstag}
50%
Głodny 7 Hu{ngrig}
50%
Cesarz 6 Ka{iser}
50%
Mapa 5 K{arte}
50%
Różowy 4 Ro{sa}
50%
Otrzymywać 8 Bek{ommen}
49%
Gość 4 G{ast}
49%
Możliwy 7 Mö{glich}
49%
Zwierzę 4 T{ier}
49%
Marzyć 5 Tr{aum}
49%
Ponieważ 4 W{eil}
49%
Między 8 Zw{ischen}
49%
Noga 4 B{ein}
48%
Gotowy 6 Fe{rtig}
48%
Spodnie 4 H{ose}
48%
Światło 5 Li{cht}
48%
Czasami 8 Ma{nchmal}
48%
Smakować 9 Sch{mecken}
48%
Smutny 7 Tr{aurig}
48%
Ogień 5 Fe{uer}
47%
Wczoraj 7 Ge{stern}
47%
Szyja, gardło 4 H{als}
47%
Wiśnia 7 Kir{sche}
47%
Zabawny 6 Lu{stig}
47%
Okrągły 4 R{und}
47%
Żołnierz 6 So{ldat}
47%
Ptak 5 V{ogel}
47%
Nieprawidłowy 6 Fa{lsch}
46%
Wiosna 8 Frü{hling}
46%
Trzymać 6 Ha{lten}
46%
Jasny (o kolorze, świetle) 4 H{ell}
46%
Mądry 4 Kl{ug}
46%
Na zdrowie! 5 Pr{ost}!
46%
Klucz 9 Sch{lüssel}
46%
Pewny 6 Si{cher}
46%
Srebrny 6 Si{lber}
46%
Ziemia 4 E{rde}
45%
Widelec 5 Ga{bel}
45%
Siła 5 Kr{aft}
45%
Całować 6 K{üssen}
45%
Obok 5 Ne{ben}
45%
Lustro 7 Sp{iegel}
45%
Drogi 5 T{euer}
45%
Wspaniały 9 Wun{derbar}
45%
Piekarnia 8 Bä{ckerei}
44%
Dach 4 D{ach}
44%
Pragnienie (chęć napicia się) 5 Du{rst}
44%
Truskawka 8 Er{dbeere}
44%
Harfa 5 Ha{rfe}
44%
Sklep 5 La{den}
44%
Piosenka 4 L{ied}
44%
Płaszcz 6 Ma{ntel}
44%
Deszcz 5 Re{gen}
44%
Też 4 A{uch}
43%
Okno 7 Fe{nster}
43%
Koszula 4 He{md}
43%
Szafa 7 Sch{rank}
43%
Rozumieć 9 Ver{stehen}
43%
Wiedeński 6 Wi{ener}
43%
Strach 5 An{gst}
42%
Do przodu 9 Ger{adeaus}
42%
Wolny (nie szybki) 7 La{ngsam}
42%
Silny 5 St{ark}
42%
Nosić (na sobie) 6 Tr{agen}
42%
Pomimo 5 Tr{otz}
42%
Lodówka 11 Kü{hlschrank}
41%
Smaczny 6 Le{cker}
41%
Jeszcze 4 N{och}
41%
Przyszłość 7 Zu{kunft}
41%
Rękawica 9 Ha{ndschuh}
40%
Królik 9 Kan{inchen}
40%
Niestety 6 Le{ider}
40%
Miły 4 N{ett}
40%
Ucho 3 O{hr}
40%
Gwiazda 5 St{ern}
40%
Stawać się 6 We{rden}
40%
Znowu 6 Wi{eder}
40%
Słowo 4 W{ort}
40%
Sam 6 A{llein}
39%
Most 6 Br{ücke}
39%
Katedra 3 D{om}
39%
Krzyż 5 Kr{euz}
39%
Cichy 5 Ru{hig}
39%
Natychmiast 6 So{fort}
39%
Tani 6 Bi{llig}
38%
Wierzyć 7 Gl{auben}
38%
Drewno 4 H{olz}
38%
Talerz 6 Te{ller}
38%
(Być) Może 10 Vie{lleicht}
38%
Broń 5 Wa{ffe}
38%
Ciągnąć 6 Zi{ehen}
38%
Twarz 7 Ge{sicht}
37%
Krew 4 B{lut}
36%
Lotnisko 9 Fl{ughafen}
36%
Nienawidzieć 6 Ha{ssen}
36%
Śmiać się 6 La{chen}
36%
Więcej 4 M{ehr}
36%
Nożyczki 6 Sch{ere}
36%
Umierać 7 St{erben}
36%
Świętować 6 Fe{iern}
35%
Wystarczająco 5 Ge{nug}
35%
Niebo 6 Hi{mmel}
35%
Słaby 7 Sch{wach}
35%
Wszędzie 7 Üb{erall}
35%
Cebula 7 Zw{iebel}
35%
Oddychać 5 At{men}
34%
Ołówek 9 Bl{eistift}
34%
Łatwy 7 Ei{nfach}
34%
Nikt 7 Ni{emand}
34%
Czysty 6 Sa{uber}
34%
Uderzać 8 Sch{lagen}
34%
Plaża 6 St{rand}
34%
Filiżanka 5 Ta{sse}
34%
Wybierać 6 Wä{hlen}
34%
Gruszka 5 Bi{rne}
33%
Płonąć 7 Br{ennen}
33%
Wieś 4 D{orf}
33%
Obcy 5 Fr{emd}
33%
Przytulny 9 Gem{ütlich}
33%
Brać ślub 8 Hei{raten}
33%
Ciało 6 Kö{rper}
33%
Nóż 6 Me{sser}
33%
Kroić 9 Sch{neiden}
33%
Leniwy 4 F{aul}
32%
Podążać 6 Fo{lgen}
32%
Wolność 8 Fr{eiheit}
32%
Kapusta 4 K{ohl}
32%
Pusty 4 L{eer}
32%
Trenować (umiejętność) 4 Ü{ben}
32%
Małpa 4 Af{fe}
31%
Róg 4 E{cke}
31%
Wyspa 5 In{sel}
31%
Walizka 6 Ko{ffer}
31%
Dziura 4 L{och}
31%
Powieść 5 Ro{man}
31%
Diabeł 6 Te{ufel}
31%
Schody 6 Tr{eppe}
31%
Tłumaczyć (na inny język) 10 Üb{ersetzen}
31%
Boże Narodzenie 11 Wei{hnachten}
31%
Cienki, szczupły 4 Dü{nn}
30%
Kłamać 5 Lü{gen}
30%
Mąka 4 M{ehl}
30%
Trudny 6 Sch{wer}
30%
Suchy 7 Tr{ocken}
30%
Fasola 5 Bo{hne}
29%
Obywatel 6 Bü{rger}
29%
Kaczka 4 E{nte}
29%
Rozwiązanie 6 Lö{sung}
29%
Nagle 9 Plö{tzlich}
29%
Kierunek 8 Ri{chtung}
29%
Modlić się 5 Be{ten}
28%
Przedmiot 4 D{ing}
28%
Księżyc 4 M{ond}
28%
Zarabiać 9 Ver{dienen}
28%
Samotny 6 Ein{sam}
27%
Błąd 6 Fe{hler}
27%
Rzeka 5 Fl{uss}
27%
Równy 6 Gl{eich}
27%
Sąsiad 7 Na{chbar}
27%
Podobny 7 Äh{nlich}
26%
Nareszcie 7 En{dlich}
26%
Ślub 8 Ho{chzeit}
26%
Mgła 5 Ne{bel}
26%
Roślina 7 Pf{lanze}
26%
Zwycięstwo 4 S{ieg}
26%
Słonina 5 Sp{eck}
26%
Ważyć 6 Wi{egen}
26%
Chmura 5 Wo{lke}
26%
Gdzieś 8 Ir{gendwo}
25%
Płakać 6 We{inen}
25%
Daleko 4 W{eit}
25%
Trójkąt 7 Dr{eieck}
24%
Opowiadać 8 Er{zählen}
24%
Radość 6 Fr{eude}
24%
Pokój (między krajami) 6 Fr{iede}
24%
Naprzeciwko 9 Geg{enüber}
24%
Krowa 3 K{uh}
24%
Zbierać 7 Sa{mmeln}
24%
Dzielić 6 Te{ilen}
24%
Rzucać 6 We{rfen}
24%
Język (narząd) 5 Z{unge}
24%
Autentyczny 4 E{cht}
23%
Szczery 7 Eh{rlich}
23%
Decydować 11 Ent{scheiden}
23%
Ocet 5 E{ssig}
23%
Uroczy 6 Hü{bsch}
23%
Ratować 6 Re{tten}
23%
Głos 6 St{imme}
23%
Kłótnia 6 St{reit}
23%
Biedny 3 A{rm}
22%
Wkrótce 4 B{ald}
22%
Liść 5 Bl{att}
22%
Gładki 5 Gl{att}
22%
Łyżka 6 Lö{ffel}
22%
Dumny 5 St{olz}
22%
Rosnąć 7 Wa{chsen}
22%
Koło 5 Kr{eis}
21%
Pachnieć 7 Ri{echen}
21%
Owca 5 Sch{af}
21%
Wąż 8 Sch{lange}
21%
Miękki 5 We{ich}
21%
Posiadać 8 Bes{itzen}
20%
Tajemnica 9 Geh{eimnis}
20%
Mózg 6 Ge{hirn}
20%
Mokry 4 N{ass}
20%
Lalka 5 Pu{ppe}
20%
Prawda 8 Wa{hrheit}
20%
słowo bez polskiego odpowiednika, znaczeniowo podobne do "precz", "stąd" lub przedrostka "od-" 3 W{eg}
20%
Zwłaszcza 9 Bes{onders}
19%
Groch 5 Er{bse}
19%
Uwieńczony sukcesem 11 Erf{olgreich}
19%
Skrzypce 5 G{eige}
19%
Statek 6 Sch{iff}
19%
Winny 8 Sch{uldig}
19%
Znany 7 Ber{ühmt}
18%
Kciuk 6 Da{umen}
18%
Zadowolony 4 Fr{oh}
18%
Świeca 5 Ke{rze}
18%
Zgadywać 5 Ra{ten}
18%
Dolina 3 T{al}
18%
Żartować 4 W{itz}
18%
Wiersz 7 Ge{dicht}
17%
Poduszka 6 Ki{ssen}
17%
Wspinać się 7 St{eigen}
17%
Spieszyć się 5 Ei{len}
16%
Wieczny 4 E{wig}
16%
Niebezpieczny 10 Gef{ährlich}
16%
Uprzejmy 7 Hö{flich}
16%
Drabina 6 Le{iter}
16%
Krem 5 Sa{hne}
16%
Znikać 12 Ver{schwinden}
16%
Zmieniać 8 We{chseln}
16%
Dość 8 Zie{mlich}
16%
Prawo (zbiór reguł) 6 Ge{setz}
15%
Rekin 3 H{ai}
15%
Głęboki 4 T{ief}
15%
Prawdopodobnie 14 Wa{hrscheinlich}
15%
Zazdrosny 12 Ei{fersüchtig}
14%
Poważny 5 Er{nst}
14%
Pukać 7 Kl{opfen}
14%
Mydłow 5 Se{ife}
14%
Głuchy 4 T{aub}
14%
Ciekawski 9 Neu{gierig}
13%
Przemoc 6 Ge{walt}
12%
Kogut 4 H{ahn}
12%
Odwaga 3 M{ut}
12%
Fala 5 W{elle}
12%
Rura 6 Pf{eife}
11%
Szalony 8 Ver{rückt}
11%
Niezręczny 8 Pei{nlich}
10%
Grosz 7 Pf{ennig}
10%
Najedzony 4 S{att}
10%
Wzgórze 5 Hü{gel}
8%
Wąsy 11 Sch{nurrbart}
8%
Kurtyna 7 Vo{rhang}
8%
Żywy 7 Le{bhaft}
7%
Złość 4 Z{orn}
4%
Nie znaleziono quizów pasujących do podanych kryteriów
Rozkład punktacji
Procent ludzi z każdym wynikiem
Percentyl według liczby udzielonych odpowiedzi
Twoja historia wyników
Nie rozwiązałeś tego quizu